LIBRARY & INFORMATION CENTRE, KCAET, TAVANUR

ONLINE PUBLIC ACCESS CATALOGUE (OPAC)

Design Analysis of Suitable Cutter Header Assembly for Pokkali Paddy Harvester (Record no. 17484)

MARC details
000 -LEADER
fixed length control field 00431nam a22001457a 4500
003 - CONTROL NUMBER IDENTIFIER
control field OSt
082 ## - DEWEY DECIMAL CLASSIFICATION NUMBER
Classification number 631.1
Item number RAT/DE
088 ## - REPORT NUMBER
Report number T 527
100 ## - MAIN ENTRY--AUTHOR NAME
Personal name Rathinavel , s
245 ## - TITLE STATEMENT
Title Design Analysis of Suitable Cutter Header Assembly for Pokkali Paddy Harvester
260 ## - PUBLICATION, DISTRIBUTION, ETC. (IMPRINT)
Place of publication KCAET , Tavanur
Name of publisher Department of Farm machinery and power engineering
Year of publication 2021
300 ## - PHYSICAL DESCRIPTION
Number of Pages 128 pages
700 ## - ADDED ENTRY--PERSONAL NAME
Personal name Sindhu bhaskar (guide)
942 ## - ADDED ENTRY ELEMENTS (KOHA)
Koha item type Theses
Holdings
Collection code Home library Current library Full call number Accession Number Koha item type Public note
Reference KAUAET KAUAET 631.1 RAT/DE T 527 Theses M.Tech Thesis
free website counter